000 00735nab a2200181 4500
001 244442
003 OSt
005 20241121093759.0
007 tu
008 200917s2020|||||||
040 _aDE-2950
_cDE-2950
245 0 0 _a"Wie eine offene Wunde für unsere Stadt"
_bZeitgeschichte. Die Stasi zerstörte vor rund 45 Jahren einen Kreis von Künstlern und Intellektuellen in Frankfurt. Eine Ausstellung arbeitet auf, was darüber bekannt ist. Sie wird am Freitag in der Magistrale Kunsthalle eröffnet/
_cDietrich Schröder
264 _c2024
653 _aFrankfurt (Oder)
653 _aPeter Rompf, Jürgen Jentzsch
773 0 _g35. Jahrgang (2024) Nr. 265 vom 13.11.2024, S. 17 mit Foto
_tMärkische Oderzeitung
942 _2z
_cA
999 _c373467
_d373467